• 首页
  • 本馆介绍
  • 公告通知
  • 最新文献
  • 馆藏检索
  • 电子资源
  • 读者导购
  • 参考咨询
  • 我的图书馆
  • 登录
  • 详细信息显示
  • 放入我的书架
  • 预约/预借图书
  • 作者相关作品
  • 分类相关作品
  • 丛书相关作品
  • 出版社相关作品

书目信息

  • 表格格式
  • 工作单格式
  • 卡片格式
题名:
城市建筑废物回收与循环利用法律规制研究
    
 
作者: 乔刚 著
分册:  
出版信息: 北京   光明日报出版社  2014
页数: 168页
开本: 24cm
丛书名: 西南政法大学环境资源法学科系列丛书
单 册:
中图分类: D922.684
科图分类:
主题词: 城市--建筑垃圾--循环利用--环境保护法--研究--中国 , 城市 , 建筑垃圾 , 循环使用 , 环境保护法
电子资源:
ISBN: 978-7-5112-5837-3
000 01606oam2 2200313 450
001 338301
005 20150601163521.59
010    @a978-7-5112-5837-3@dCNY35.00
100    @a20140723d2014 em y0chiy50 ea
101 0  @achi
102    @aCN@b110000
105    @ay z 000yy
106    @ar
200 1  @a城市建筑废物回收与循环利用法律规制研究@Acheng shi jian zhu fei wu hui shou yu xun huan li yong fa lv gui zhi yan jiu@f乔刚著
210    @a北京@c光明日报出版社@d2014
215    @a168页@d24cm
225 1  @a西南政法大学环境资源法学科系列丛书
300    @a高校社科研究文库 中国法学会2011年度部级法学研究项目《我国城市建筑废物回收与循环利用法律规制研究》(项目编号:CLS (2011) D075)结题成果 西南政法大学环境资源法学科、西部生态法治研究中心资助出版
330    @a本书以“城市建筑垃圾围城”为背景, 以我国城市发展中面临的因建筑废物引发的环境污染和资源约束这一现实挑战为逻辑起点, 围绕我国城市建筑废物回收与循环利用法律规制这一核心问题, 综合运用跨学科研究、历史研究、比较分析、实证分析和规范分析等研究方法, 结合环境法的相关理论与经济法的“双重失灵”理论对城市建筑废物回收与循环利用法律规制进行理论梳理并结合实际, 紧扣城市建筑废物回收与循环利用法律规制的“中国问题”进行评析, 并从宏观和微观两个层面提出了适合我国国情、迎合城市发展实际的对策建议。
410  0 @12001 @a西南政法大学环境资源法学科系列丛书
606 0  @a城市@x建筑垃圾@x循环利用@x环境保护法@x研究@y中国
606 0  @a城市
606 0  @a建筑垃圾
606 0  @a循环使用
606 0  @a环境保护法
690    @aD922.684@v5
701  0 @a乔刚@Aqiao gang@f(1973-)@4著
801  0 @aCN@b卓展宏图@c20150525
905    @dD922.684@e1240@f4
    
    城市建筑废物回收与循环利用法律规制研究/乔刚著.-北京:光明日报出版社,2014
    168页;24cm.-(西南政法大学环境资源法学科系列丛书)
    高校社科研究文库 中国法学会2011年度部级法学研究项目《我国城市建筑废物回收与循环利用法律规制研究》(项目编号:CLS (2011) D075)结题成果 西南政法大学环境资源法学科、西部生态法治研究中心资助出版
    
    ISBN 978-7-5112-5837-3:CNY35.00
    本书以“城市建筑垃圾围城”为背景, 以我国城市发展中面临的因建筑废物引发的环境污染和资源约束这一现实挑战为逻辑起点, 围绕我国城市建筑废物回收与循环利用法律规制这一核心问题, 综合运用跨学科研究、历史研究、比较分析、实证分析和规范分析等研究方法, 结合环境法的相关理论与经济法的“双重失灵”理论对城市建筑废物回收与循环利用法律规制进行理论梳理并结合实际, 紧扣城市建筑废物回收与循环利用法律规制的“中国问题”进行评析, 并从宏观和微观两个层面提出了适合我国国情、迎合城市发展实际的对策建议。
●
相关链接 在E读中查询图书 在五车中查询图书 在当当中查询图书 在豆瓣中查询图书


正题名:城市建筑废物回收与循环利用法律规制研究     索取号:D922.684/1240         预约/预借

序号 登录号 条形码 馆藏地/架位号 状态 备注
1 861635   208616354   第一样本阅览室/ [索取号:D922.684/1240] 在馆    
2 861636   208616363   第一借阅区/ [索取号:D922.684/1240] 在馆    
3 861637   208616372   第一借阅区/ [索取号:D922.684/1240] 在馆    
4 861638   208616381   第一借阅区/ [索取号:D922.684/1240] 在馆    
欢迎您!
大连网信软件有限公司© 版权所有